Modelovanie jednosmerného motora v prostredí Matlab Simscape

Saved in:
Bibliographic Details
Main Author: Slovák, Peter (Author)
Other Authors: Hypiusová, Mária (Thesis advisor)
Format: Manuscript Book
Language:Slovak
Published: Bratislava : STU v Bratislave FEI, 2021
Subjects:
Online Access:https://opac.crzp.sk/?fn=detailBiblioForm&sid=38F43C5054BC4F7F29BEC0F31F28&seo=CRZP-detail-kniha
Tags: Add Tag
No Tags, Be the first to tag this record!

MARC

LEADER 00000ntm a22000003a 4500
001 stuzp82636
003 SK-STU
005 20210803113121.4
007 ta
008 150427s2015----xo-----f-mn---000-0-slo-d
040 |a STU  |b slo 
041 0 |a slo 
044 |a xo 
100 1 |a Slovák, Peter  |u 030400  |4 aut  |U FEI Fakulta elektrotechniky a informatiky  |U FEI Fakulta elektrotechniky a informatiky  |T FEI Ústav automobilovej mechatroniky  |X 92455  |U E400  |Y 642  |7 92455 
242 0 1 |a DC motor modeling in the Matlab Simscape environment  |y eng 
245 1 0 |a Modelovanie jednosmerného motora v prostredí Matlab Simscape 
260 |a Bratislava : 
260 |b STU v Bratislave FEI, 
260 |c 2021 
300 |a 50 s. 
650 4 |a identifikácia modelu  |2 slo 
650 4 |a Simulink  |2 slo 
650 4 |a Simscape  |2 slo 
650 4 |a jednosmerný motor  |2 slo 
650 4 |a RLC obvod  |2 slo 
650 4 |a Simulink  |2 eng 
650 4 |a Simscape  |2 eng 
650 4 |a model identification  |2 eng 
650 4 |a DC motor  |2 eng 
650 4 |a RLC circuit  |2 eng 
700 1 |a Hypiusová, Mária  |u 030400  |k Z1  |4 ths  |U FEI Fakulta elektrotechniky a informatiky  |U FEI Fakulta elektrotechniky a informatiky  |T FEI Ústav automobilovej mechatroniky  |X 4949  |U E400  |Y 642  |7 A000004949 
856 4 |u https://opac.crzp.sk/?fn=detailBiblioForm&sid=38F43C5054BC4F7F29BEC0F31F28&seo=CRZP-detail-kniha